Introduction to Business. (Record no. 5240)

MARC details
005 - DATE AND TIME OF LATEST TRANSACTION
control field 20250626081547.0
020 ## - INTERNATIONAL STANDARD BOOK NUMBER
International Standard Book Number 0-538-65688-3
082 ## - DEWEY DECIMAL CLASSIFICATION NUMBER
Classification number 658 INT
100 ## - MAIN ENTRY--PERSONAL NAME
Author name RISTAU, R. A.
245 ## - TITLE STATEMENT
Title Introduction to Business.
250 ## - EDITION STATEMENT
Edition statement 3rd Ed.
260 ## - PUBLICATION, DISTRIBUTION, ETC.
Place of publication, distribution, etc. New York,
Name of publisher, distributor, etc. South-Western Educational Publishing,
Date of publication, distribution, etc. 1997.
300 ## - PHYSICAL DESCRIPTION
Extent xii, 761p.: ill.; figure, picture
Other physical details Glossary & Index
Dimensions 26cm
700 ## - ADDED ENTRY--PERSONAL NAME
Other authors/Editors EGGLAND, S. A.....et al
942 ## - ADDED ENTRY ELEMENTS (KOHA)
Source of classification or shelving scheme Dewey Decimal Classification
Koha item type Books
Holdings
Date last seen Total checkouts Full call number Barcode Cost, replacement price Price effective from Koha item type Lost status Source of classification or shelving scheme Damaged status Not for loan Withdrawn status Home library Current library Shelving location Date acquired Cost, normal purchase price
06/26/2025   658 INT DOM0002227 135000.00 06/26/2025 Books   Dewey Decimal Classification       CBE Dodoma CBE Dodoma General Collection 06/23/1999 45000.00
06/26/2025   658 INT DOM0002228 135000.00 06/26/2025 Books   Dewey Decimal Classification       CBE Dodoma CBE Dodoma General Collection 06/23/1999 45000.00
06/26/2025   658 INT DOM0002229 135000.00 06/26/2025 Books   Dewey Decimal Classification       CBE Dodoma CBE Dodoma General Collection 06/23/1999 45000.00